100 meilleurs joueurs de FIFA 26 - Statistiques

Statistiques générales
  • Ce quiz a été pris 404 fois
  • Le résultat moyen est 81 sur 100
Statistiques - réponses
Poste Club Nationalité Note Réponse % Correct
BU Real Madrid France 91 Kylian Mbappé
100%
AD Liverpool Egypte 91 Mohamed Salah
100%
ST PSG France 90 Ousmane Dembélé
99%
BU Manchester City Norvège 90 Erling Haaland
98%
MDC Manchester City Espagne 90 Rodri
97%
G Real Madrid Belgique 89 Thibaut Courtois
96%
BU Bayern Munich Angleterre 89 Harry Kane
95%
AG Los Angeles FC Corée du Sud 85 Heung Min Son
95%
MOC Real Madrid Angleterre 90 Jude Bellingham
95%
AG Real Madrid Brésil 89 Vinícius
95%
CB Liverpool Pays Bas 90 Virgil van Dijk
95%
G Liverpool Brésil 89 Alisson
94%
MD FC Barcelone Espagne 89 Lamine Yamal
94%
MC PSG Portugal 89 Vitinha
94%
DD PSG Maroc 89 Achraf Hakimi
93%
MC Real Madrid Uruguay 89 Federico Valverde
93%
MC FC Barcelone Espagne 89 Pedri
93%
MOC Liverpool Allemagne 89 Florian Wirtz
91%
MG FC Barcelone Brésil 89 Raphinha
91%
BU Inter Milan Argentine 88 Lautaro Martínez
90%
BU FC Barcelone Pologne 88 Robert Lewandowski
90%
BU Al Nassr Portugal 85 Cristiano Ronaldo
89%
AG PSG Géorgie 87 Khvicha Kvaratskhelia
89%
AD Arsenal Angleterre 88 Bukayo Saka
88%
DD FC Barcelone France 87 Jules Koundé
88%
AD Inter Miami Argentine 86 Lionel Messi
88%
DG PSG Portugal 86 Nuno Mendes
88%
MOC Chelsea Angleterre 87 Cole Palmer
87%
G Aston Villa Argentine 85 Emiliano Martínez
87%
DC Al Nassr Espagne 85 Iñigo Martínez
87%
G Atlético Madrid Slovénie 88 Jan Oblak
87%
MC Naples Belgique 88 Kevin De Bruyne
87%
DC PSG Brésil 87 Marquinhos
87%
DC Arsenal France 87 William Saliba
87%
MD Bayern Munich France 86 Michael Olise
86%
G Milan AC France 87 Mike Maignan
86%
BU Atlético Madrid France 85 Antoine Griezmann
85%
MOC Manchester United Portugal 87 Bruno Fernandes
85%
MC FC Barcelone Pays Bas 87 Frenkie de Jong
85%
G Manchester City Italie 89 Gianluigi Donnarumma
85%
BU Liverpool Suède 88 Alexander Isak
84%
DC Real Madrid Allemagne 86 Antonio Rüdiger
84%
AD PSG France 85 Désiré Doué
84%
DC Arsenal Brésil 88 Gabriel Magalhães
84%
MOC Bayern Munich Allemagne 88 Jamal Musiala
84%
MC PSG Portugal 85 João Neves
84%
BU Al-Ittihad France 85 Karim Benzema
84%
AD Real Madrid Brésil 85 Rodrygo
84%
G Inter Milan Suisse 87 Yann Sommer
84%
DC Bayern Munich France 85 Dayot Upamecano
83%
MDC Al-Ittihad France 85 N'Golo Kanté
83%
BU Galatasaray Nigeria 87 Victor Osimhen
83%
DC PSG Equateur 86 Willian Pacho
83%
MDC Arsenal Angleterre 87 Declan Rice
82%
DC Liverpool France 86 Ibrahima Konaté
82%
BU Atlético Madrid Argentine 87 Julián Alvarez
82%
BU Arsenal Suède 87 Viktor Gyökeres
82%
G FC Barcelone Allemagne 86 Marc-André ter Stegen
81%
MC Arsenal Norvège 87 Martin Ødegaard
81%
DD Real Madrid Angleterre 86 Trent Alexander-Arnold
81%
DD Real Madrid Espagne 85 Daniel Carvajal
80%
G Arsenal Espagne 87 David Raya
80%
BU Inter Milan France 85 Marcus Thuram
80%
MDC Chelsea Equateur 87 Moisés Caicedo
80%
BU Borussia Dortmund Guinée 87 Serhou Guirassy
80%
MC PSG Espagne 85 Fabián Ruiz
79%
AG Athletic Bilbao Espagne 86 Nico Williams
79%
DC Manchester City Portugal 86 Rúben Dias
79%
MC Liverpool Argentine 87 Alexis Mac Allister
78%
MOC AS Rome Argentine 86 Paulo Dybala
78%
AD Manchester City Angleterre 85 Phil Foden
78%
MG Bayern Munich Colombie 85 Luis Díaz
77%
DG Al Hilal France 84 Theo Hernández
77%
DC Inter Milan Italie 87 Alessandro Bastoni
76%
MC Inter Milan Italie 87 Nicolò Barella
76%
DC Real Madrid Brésil 84 Eder Militão
75%
DC Marseille France 84 Benjamin Pavard
74%
MC Naples Ecosse 85 Scott McTominay
74%
AG Liverpool Pays Bas 84 Cody Gakpo
73%
G Fenerbahçe Brésil 85 Ederson
72%
DC Bayern Munich Allemagne 87 Jonathan Tah
72%
AD Manchester United Cameroun 85 Bryan Mbeumo
70%
MDC Newcastle Italie 86 Sandro Tonali
70%
DG Manchester City Croatie 84 Joško Gvardiol
69%
DG Inter Milan Italie 85 Federico Dimarco
68%
MDC Sunderland Suisse 85 Granit Xhaka
68%
MDC Liverpool Pays Bas 85 Ryan Gravenberch
68%
MC Newcastle Brésil 86 Bruno Guimarães
67%
MDC Inter Milan Turquie 86 Hakan Çalhanoğlu
65%
G Athletic Bilbao Espagne 85 Unai Simón
65%
DC Juventus Brésil 85 Bremer
64%
G Borussia Dortmund Suisse 86 Gregor Kobel
62%
BU Bayer Leverkusen République Tchèque 85 Patrik Schick
62%
MC Manchester City Pays Bas 86 Tijjani Reijnders
62%
G Fiorentina Espagne 85 David De Gea
61%
MC Aston Villa Belgique 85 Youri Tielemans
60%
DC Borussia Dortmund Allemagne 85 Nico Schlotterbeck
54%
G RB Leipzig Hongrie 85 Péter Gulácsi
50%
MDC Bayern Munich Allemagne 89 Joshua Kimmich
48%
MDC Juventus Italie 84 Manuel Locatelli
48%
Aucun quiz correspondant
Distribution des résultats
% des personnes avec chaque résultat
Percentile par nombre de réponses
Votre historique - résultats
Vous n’avez pas pris ce quiz